<?xml version="1.0" encoding="UTF-8"?><?xml-stylesheet type="text/xsl" href="static/style.xsl"?><OAI-PMH xmlns="http://www.openarchives.org/OAI/2.0/" xmlns:xsi="http://www.w3.org/2001/XMLSchema-instance" xsi:schemaLocation="http://www.openarchives.org/OAI/2.0/ http://www.openarchives.org/OAI/2.0/OAI-PMH.xsd"><responseDate>2026-06-01T04:35:47Z</responseDate><request verb="GetRecord" identifier="oai:riuma.uma.es:10630/37379" metadataPrefix="marc">https://riuma.uma.es/rest/oai/request</request><GetRecord><record><header><identifier>oai:riuma.uma.es:10630/37379</identifier><datestamp>2026-02-03T10:50:28Z</datestamp><setSpec>com_10630_2254</setSpec><setSpec>col_10630_37953</setSpec></header><metadata><record xmlns="http://www.loc.gov/MARC21/slim" xmlns:dcterms="http://purl.org/dc/terms/" xmlns:doc="http://www.lyncode.com/xoai" xmlns:xsi="http://www.w3.org/2001/XMLSchema-instance" xsi:schemaLocation="http://www.loc.gov/MARC21/slim http://www.loc.gov/standards/marcxml/schema/MARC21slim.xsd">
   <leader>00925njm 22002777a 4500</leader>
   <datafield ind2=" " ind1=" " tag="042">
      <subfield code="a">dc</subfield>
   </datafield>
   <datafield ind2=" " ind1=" " tag="720">
      <subfield code="a">Reigal-Garrido, Rafael Enrique</subfield>
      <subfield code="e">author</subfield>
   </datafield>
   <datafield ind2=" " ind1=" " tag="720">
      <subfield code="a">Videra-García, Antonio</subfield>
      <subfield code="e">author</subfield>
   </datafield>
   <datafield ind2=" " ind1=" " tag="720">
      <subfield code="a">Márquez-Casero, María Victoria</subfield>
      <subfield code="e">author</subfield>
   </datafield>
   <datafield ind2=" " ind1=" " tag="720">
      <subfield code="a">Parra Flores, José Luís</subfield>
      <subfield code="e">author</subfield>
   </datafield>
   <datafield ind2=" " ind1=" " tag="260">
      <subfield code="c">2013-01</subfield>
   </datafield>
   <datafield ind2=" " ind1=" " tag="520">
      <subfield code="a">Este trabajo analiza las relaciones entre el autoconcepto físico multidimensional (habilidad física, condición física, atractivo físico&#xd;
y fuerza) y el autoconcepto general con las barreras para la práctica física, poniendo de manifiesto la capacidad predictiva de las&#xd;
primeras variables sobre las puntuaciones otorgadas a los obstáculos para realizar actividad física. Participan en esta investigación&#xd;
1929 adolescentes de la ciudad de Málaga (España), en edades comprendidas entre los 14 y 17 años (M = 15,62; DT = ,96). La&#xd;
investigación sigue un diseño transversal en el que se ha usado la encuesta para la toma de datos, recogiéndose información sobre&#xd;
el sexo y edad. Además se explora el autoconcepto físico, mediante el Cuestionario de Autoconcepto Físico (CAF - Goñi, Ruiz de&#xd;
Azúa, &amp; Rodríguez, 2006), y las razones que podrían impedir realizar actividad física, gracias al Autoinforme de Barreras para la&#xd;
Práctica de Ejercicio Físico (ABPEF - Niñerola, Capdevila, &amp; Pintanel, 2006). Los análisis de correlación y regresión lineal muestran&#xd;
asociaciones significativas entre ambas variables y ponen de manifiesto la capacidad predictiva que tiene la percepción del autoconcepto&#xd;
físico sobre las barreras para la práctica física. Las dimensiones que mejor se relacionan con las barreras para practicar son&#xd;
la habilidad física y condición física, así como las medidas generales del CAF, autoconcepto físico general y autoconcepto general.</subfield>
   </datafield>
   <datafield ind1="8" ind2=" " tag="024">
      <subfield code="a">Reigal Garrido, R. E., Videra García, A., Márquez Casero, M. V., &amp; Parra Flores, J. L. (2013). Multidimensional Physical Self-Concept and Barriers to Physical Practice in Adolescence. Apunts. Educación Física y Deportes, 111, 23-28.  https://dx.doi.org/10.5672/apunts.2014-0983.es.(2013/1).111.02</subfield>
   </datafield>
   <datafield ind1="8" ind2=" " tag="024">
      <subfield code="a">https://hdl.handle.net/10630/37379</subfield>
   </datafield>
   <datafield ind1="8" ind2=" " tag="024">
      <subfield code="a">10.5672/apunts.2014-0983.es.(2013/1).111.02</subfield>
   </datafield>
   <datafield tag="653" ind2=" " ind1=" ">
      <subfield code="a">Ejercicio físico - Adolescentes</subfield>
   </datafield>
   <datafield ind2="0" ind1="0" tag="245">
      <subfield code="a">Autoconcepto físico multidimensional y barreras para la práctica física en la adolescencia.</subfield>
   </datafield>
</record>
</metadata></record></GetRecord></OAI-PMH>